[Event "DC International 2014"]
[Site "Arlington, VA"]
[Date "2014.06.28"]
[Round "5"]
[White "Ippolito, Dean"]
[Black "Nieto, Manuel"]
[Result "1-0"]
[WhiteElo "2430"]
[BlackElo "2057"]
[PlyCount "59"]
[EventDate "2014.06.??"]
[EventType "swiss"]
[EventRounds "9"]
[EventCountry "USA"]

1. d4 Nf6 2. c4 e6 3. g3 Bb4+ 4. Bd2 Qe7 5. Nf3 Nc6 6. Nc3 Bxc3 7. Bxc3 Ne4 8.
Rc1 O-O 9. Bg2 Nxc3 10. Rxc3 d6 11. d5 Nb8 12. dxe6 fxe6 13. Nd4 c6 14. O-O Nd7
15. b4 Nf6 16. b5 e5 17. Nc2 Bd7 18. Ne3 Rac8 19. Ra3 d5 20. Rxa7 d4 21. Rxb7
dxe3 22. bxc6 exf2+ 23. Rxf2 Qc5 24. cxd7 Rcd8 25. Rb5 Qe3 26. c5 Kh8 27. Qd3
Qxd3 28. exd3 Rxd7 29. c6 Rxd3 30. c7 1-0

[Event "DC International 2014"]
[Site "Arlington, VA"]
[Date "2014.06.28"]
[Round "5"]
[White "Leon, Isaac"]
[Black "Cheng, Bindi"]
[Result "1/2-1/2"]
[WhiteElo "2127"]
[BlackElo "2410"]
[PlyCount "80"]
[EventDate "2014.06.??"]
[EventType "swiss"]
[EventRounds "9"]
[EventCountry "USA"]

1. d4 Nf6 2. c4 c5 3. d5 e6 4. Nc3 exd5 5. cxd5 d6 6. e4 g6 7. Bd3 Bg7 8. Nge2
O-O 9. h3 a6 10. a4 Nbd7 11. O-O Rb8 12. Ng3 Qc7 13. Be3 c4 14. Bc2 Nc5 15. a5
b5 16. axb6 Rxb6 17. e5 dxe5 18. Bxc5 Qxc5 19. Na4 Qd6 20. Nxb6 Qxb6 21. Qe2
Nxd5 22. Qxc4 Qxb2 23. Bxg6 hxg6 24. Qxd5 Bb7 25. Qd7 Qb5 26. Qxb5 axb5 27.
Rfb1 Bc6 28. Ra6 Bd5 29. Rb6 Bc4 30. Ne4 Bd3 31. Re1 Rd8 32. Rd1 Rd4 33. Rb8+
Bf8 34. Nc5 Be2 35. Ra1 Kg7 36. Nb3 Rd7 37. Re8 Bd6 38. Nd2 b4 39. Ne4 Be7 40.
Rb1 Rb7 1/2-1/2

[Event "DC International 2014"]
[Site "Arlington, VA"]
[Date "2014.06.28"]
[Round "5"]
[White "Clancy, Daniel"]
[Black "Li, Ruifeng"]
[Result "0-1"]
[WhiteElo "2083"]
[BlackElo "2305"]
[PlyCount "87"]
[EventDate "2014.06.??"]
[EventType "swiss"]
[EventRounds "9"]
[EventCountry "USA"]

1. d4 Nf6 2. c4 e6 3. Nf3 b6 4. a3 Bb7 5. Nc3 d5 6. cxd5 Nxd5 7. Qc2 Nd7 8. e4
Nxc3 9. bxc3 Be7 10. Bd3 c5 11. Bf4 O-O 12. O-O Rc8 13. Qe2 cxd4 14. cxd4 Nf6
15. Bd2 Rc7 16. a4 Rd7 17. Bf4 Qa8 18. d5 exd5 19. e5 Ne4 20. Nd4 g6 21. Bh6
Rc8 22. Qg4 Rdd8 23. f3 Nc5 24. Bf5 Rc7 25. a5 bxa5 26. Rxa5 Bc8 27. e6 Bd6 28.
Nb5 Nxe6 29. Nxc7 Bxc7 30. Raa1 Ng7 31. Bxc8 Qxc8 32. Qa4 Bb6+ 33. Kh1 Qd7 34.
Qc2 Qf5 35. Qd2 Ne6 36. Rfe1 Qh5 37. Bf4 Qh4 38. Rxe6 fxe6 39. Bg5 Qd4 40. Qxd4
Bxd4 41. Rxa7 Rb8 42. Rc7 Bf6 43. Be3 d4 44. Bf4 0-1

[Event "DC International 2014"]
[Site "Arlington, VA"]
[Date "2014.06.28"]
[Round "5"]
[White "Malhotra, Akshay"]
[Black "Gautam, Yogesh"]
[Result "1-0"]
[WhiteElo "2001"]
[BlackElo "2101"]
[PlyCount "117"]
[EventDate "2014.06.??"]
[EventType "swiss"]
[EventRounds "9"]
[EventCountry "USA"]

1. Nf3 e6 2. c4 Be7 3. Nc3 Nf6 4. d4 O-O 5. Bg5 h6 6. Bh4 d5 7. e3 Ne4 8. Bxe7
Qxe7 9. Bd3 Nxc3 10. bxc3 b6 11. cxd5 exd5 12. O-O c5 13. Qe2 c4 14. Bc2 Bb7
15. Rfe1 Nd7 16. Nd2 f5 17. f3 Rae8 18. e4 Qa3 19. Nb1 Qb2 20. Ba4 Qxa1 21.
Bxd7 Re7 22. e5 Rxd7 23. Qd2 Bc6 24. Na3 Qxe1+ 25. Qxe1 b5 26. Nc2 a5 27. a3 f4
28. Qh4 Rb7 29. Qg4 Bd7 30. Qg6 Bf5 31. Qc6 Rfb8 32. Qxd5+ Kh7 33. Nb4 axb4 34.
axb4 Ra7 35. h4 Ra1+ 36. Kh2 Re1 37. Qf7 Bg6 38. Qxf4 Ra8 39. d5 Re8 40. e6 Rd8
41. h5 Bxh5 42. Qh4 Rxd5 43. Qxe1 Rd8 44. Qe5 Be8 45. e7 Rd3 46. Qf5+ Bg6 47.
Qxg6+ Kxg6 48. e8=Q+ Kh7 49. Qe5 Kg8 50. Kg3 Kh7 51. Kf4 Kg8 52. Ke4 Kh7 53.
Qf5+ Kg8 54. Qxb5 Rxc3 55. Kd4 Rc1 56. Qxc4+ Rxc4+ 57. Kxc4 Kf7 58. Kd5 Ke7 59.
Ke5 1-0

[Event "DC International 2014"]
[Site "Arlington, VA"]
[Date "2014.06.28"]
[Round "5"]
[White "Dixon, Dakota"]
[Black "Vaidya, Atulya"]
[Result "1/2-1/2"]
[WhiteElo "2055"]
[BlackElo "1980"]
[PlyCount "105"]
[EventDate "2014.06.??"]
[EventType "swiss"]
[EventRounds "9"]
[EventCountry "USA"]

1. d4 Nf6 2. c4 g6 3. Nc3 Bg7 4. e4 d6 5. Nf3 O-O 6. Be2 e5 7. O-O Nc6 8. d5
Ne7 9. Ne1 Nd7 10. Nd3 f5 11. f3 f4 12. Bd2 g5 13. Rc1 h5 14. Nf2 Nf6 15. h3
Rf7 16. Nb5 a6 17. Na3 b6 18. b4 Bf8 19. c5 Kh8 20. Nc4 Neg8 21. cxb6 cxb6 22.
a4 Rg7 23. a5 Nd7 24. axb6 Nxb6 25. Nxb6 Qxb6 26. Rc6 Qd8 27. Qc2 Nh6 28. Rc1
Bd7 29. Rc7 Rg6 30. Qd1 Bc8 31. R1c3 Bd7 32. Rb7 Rg7 33. Qc1 Ng8 34. Rbc7 Nf6
35. Ra3 Ne8 36. Rc2 Nf6 37. Qd1 Qb6 38. Kf1 Be8 39. Rca2 Rga7 40. Qa1 Bb5 41.
Ra5 Bxe2+ 42. Kxe2 h4 43. b5 Nh5 44. Nh1 Ng3+ 45. Nxg3 hxg3 46. Be1 g4 47. hxg4
Qe3+ 48. Kd1 Qd3+ 49. Rd2 Qb3+ 50. Rc2 Qd3+ 51. Rd2 Qb3+ 52. Rc2 Qd3+ 53. Rd2
1/2-1/2

[Event "DC International 2014"]
[Site "Arlington, VA"]
[Date "2014.06.28"]
[Round "5"]
[White "Beckman, Thomas"]
[Black "Chang, Jeffrey"]
[Result "0-1"]
[WhiteElo "1961"]
[BlackElo "2050"]
[PlyCount "108"]
[EventDate "2014.06.??"]
[EventType "swiss"]
[EventRounds "9"]
[EventCountry "USA"]

1. d4 d5 2. Nf3 Nf6 3. g3 c6 4. Bg2 e6 5. O-O Nbd7 6. b3 b6 7. Bb2 Bb7 8. Nbd2
Rc8 9. c4 Be7 10. Ne5 O-O 11. Qc2 c5 12. e3 Qc7 13. Nxd7 Qxd7 14. dxc5 dxc4 15.
Bxb7 Qxb7 16. Nxc4 Rxc5 17. Bd4 Rc7 18. Qe2 b5 19. Ne5 Rfc8 20. a4 b4 21. Nc4
Qa6 22. f4 Ne8 23. Rf2 Bf6 24. Rd1 Bxd4 25. Rxd4 Rb8 26. Qd1 g6 27. Rfd2 h5 28.
Ne5 Nf6 29. g4 hxg4 30. Kf2 Kg7 31. Rd8 Ne4+ 32. Kg2 Rxd8 33. Rxd8 Qb7 34. Kg1
Qb6 35. Nxg4 Rc1 36. Qxc1 Qxd8 37. Qa1+ Nc3 38. Qe1 Qd5 39. Qh4 Qd1+ 40. Kg2
Qd5+ 41. Kg3 Ne4+ 42. Kh3 Qxb3 43. Qe7 Qc3 44. Kh4 Qe1+ 45. Kh3 a5 46. Qa7 Nf2+
47. Nxf2 Qxf2 48. Qd4+ Kh7 49. Qf6 Qxe3+ 50. Kh4 Qf2+ 51. Kg4 Qg2+ 52. Kh4
Qxh2+ 53. Kg4 Qh5+ 54. Kg3 Qf5 0-1

[Event "DC International 2014"]
[Site "Arlington, VA"]
[Date "2014.06.28"]
[Round "5"]
[White "Helfst, Matt"]
[Black "Banik, Siddharth"]
[Result "0-1"]
[WhiteElo "1951"]
[BlackElo "2036"]
[PlyCount "119"]
[EventDate "2014.06.??"]
[EventType "swiss"]
[EventRounds "9"]
[EventCountry "USA"]

1. Nf3 Nf6 2. g3 g6 3. Bg2 Bg7 4. O-O O-O 5. d4 d5 6. c4 c6 7. cxd5 cxd5 8. Nc3
e6 9. Ne5 Nfd7 10. Nxd7 Bxd7 11. Bf4 Qb6 12. Bxd5 Qxb2 13. Rb1 Qxc3 14. Bxb7
Nc6 15. Rc1 Qb2 16. Bxc6 Bxc6 17. Rxc6 Qxa2 18. e3 a5 19. Qa1 Qd5 20. Qa4 Rfc8
21. Rfc1 Rxc6 22. Rxc6 Bf8 23. Rc7 Rb8 24. Rc1 Qb5 25. Qxb5 Rxb5 26. Rc8 Kg7
27. Be5+ f6 28. Rc7+ Kg8 29. Bxf6 a4 30. Ra7 a3 31. Ra8 Kf7 32. Be5 Bb4 33.
Ra7+ Ke8 34. Bc7 Be7 35. e4 Rb2 36. Be5 Rd2 37. Ra8+ Kf7 38. Ra7 a2 39. Kg2 Ke8
40. Ra4 Kd7 41. Bf4 Rc2 42. Be5 Kc6 43. h4 h5 44. Ra8 Kb7 45. Ra4 g5 46. hxg5
Bxg5 47. d5 exd5 48. exd5 Rd2 49. Bf4 Bxf4 50. gxf4 Kc7 51. Kg3 Kd6 52. Ra5 Rc2
53. Kh4 Rd2 54. Kg3 Rd3+ 55. Kh4 Rd2 56. Kg3 Kc7 57. f5 Kb6 58. Ra3 Rd3+ 59.
Rxd3 a1=Q 60. d6 0-1

[Event "DC International 2014"]
[Site "Arlington, VA"]
[Date "2014.06.28"]
[Round "5"]
[White "Lopez, Jorge"]
[Black "Hughes, John"]
[Result "0-1"]
[WhiteElo "2042"]
[BlackElo "2220"]
[PlyCount "80"]
[EventDate "2014.06.??"]
[EventType "swiss"]
[EventRounds "9"]
[EventCountry "USA"]

1. e4 c5 2. c3 Nf6 3. e5 Nd5 4. d4 cxd4 5. Nf3 Nc6 6. Bc4 Nb6 7. Bb3 d5 8. exd6
Qxd6 9. Na3 Be6 10. Nb5 Qd7 11. O-O Bxb3 12. axb3 a6 13. Nbxd4 Nxd4 14. Nxd4 g6
15. Re1 Bg7 16. Bg5 Nc8 17. Qf3 O-O 18. Rad1 e5 19. Nc2 Qb5 20. c4 Qb6 21. Rd7
Rb8 22. Red1 Qe6 23. Qe3 Re8 24. Ne1 Bf8 25. Qd2 f6 26. Bh6 Nb6 27. Rd3 Be7 28.
Rh3 Rbd8 29. Qe2 Nc8 30. Nd3 Rd7 31. Re1 Qc6 32. Be3 Red8 33. Bc1 b5 34. cxb5
Qxb5 35. Nf4 Bb4 36. Rf1 exf4 37. Qe6+ Kg7 38. Bxf4 Qxf1+ 39. Kxf1 Rd1+ 40. Ke2
Re1+ 0-1

[Event "DC International 2014"]
[Site "Arlington, VA"]
[Date "2014.06.28"]
[Round "5"]
[White "Nieto, Guillermo"]
[Black "Liang, Awonder"]
[Result "0-1"]
[WhiteElo "1982"]
[BlackElo "2211"]
[PlyCount "92"]
[EventDate "2014.06.??"]
[EventType "swiss"]
[EventRounds "9"]
[EventCountry "USA"]

1. e4 g6 2. d4 Bg7 3. Nc3 d6 4. Nf3 a6 5. h3 Nd7 6. Be3 b5 7. a4 b4 8. Nd5 a5
9. c3 e6 10. Nf4 Bb7 11. Bd3 Ngf6 12. Nd2 O-O 13. O-O c5 14. Ne2 Rc8 15. f4 Nb6
16. c4 cxd4 17. Nxd4 Nbd7 18. Qf3 Nc5 19. Bc2 Qe7 20. N4b3 Nxb3 21. Bxb3 d5 22.
exd5 exd5 23. Qf2 dxc4 24. Nxc4 Ne4 25. Qe1 Ba6 26. Rc1 Bxc4 27. Rxc4 Rxc4 28.
Bxc4 Bxb2 29. Bb6 Qd6 30. Qxe4 Qxb6+ 31. Kh2 Bf6 32. f5 g5 33. Qd5 Qe3 34. Qf3
Qd4 35. Qd5 Qc3 36. Qd3 Qxd3 37. Bxd3 b3 38. Rb1 b2 39. Kg3 Rd8 40. Bb5 Rd5 41.
Kg4 Rd4+ 42. Kg3 Rf4 43. Kh2 Rxf5 44. Bd7 Rd5 45. Bc6 Rc5 46. Bd7 Be5+ 0-1

[Event "DC International 2014"]
[Site "Arlington, VA"]
[Date "2014.06.28"]
[Round "5"]
[White "Balasubramanian, Adithya"]
[Black "Marshall, Mario"]
[Result "1/2-1/2"]
[WhiteElo "2320"]
[BlackElo "2009"]
[PlyCount "98"]
[EventDate "2014.06.??"]
[EventType "swiss"]
[EventRounds "9"]
[EventCountry "USA"]

1. e4 d5 2. exd5 Nf6 3. Nf3 Nxd5 4. d4 g6 5. Be2 Bg7 6. O-O O-O 7. Re1 Nc6 8.
c4 Nb6 9. d5 Nb8 10. Nc3 c6 11. Bf4 cxd5 12. c5 d4 13. Nb5 Nd5 14. Be5 Bxe5 15.
Nxe5 f6 16. Nf3 e5 17. Bc4 Nc6 18. Nfxd4 Nxd4 19. Nxd4 Kh8 20. Nb5 Nf4 21. Nd6
Qc7 22. b4 Qc6 23. f3 Be6 24. Bb5 Qc7 25. g3 Nh3+ 26. Kg2 a6 27. Bc4 Bxc4 28.
Kxh3 Be6+ 29. Kg2 Qc6 30. Rc1 Bxa2 31. Qd2 Be6 32. Qh6 Bd5 33. Rc3 Qa4 34. Qh4
Qa2+ 35. Kg1 Qd2 36. Rce3 Bxf3 37. Qh3 Bc6 38. Re4 Bxe4 39. Rxe4 Qc1+ 40. Kf2
Qd2+ 41. Kf1 Qd3+ 42. Kg2 Rad8 43. Qh6 Kg8 44. Rg4 g5 45. h4 Qe2+ 46. Kh3 Qf1+
47. Kh2 Qe2+ 48. Kh3 Qf1+ 49. Kh2 Qe2+ 1/2-1/2

[Event "DC International 2014"]
[Site "Arlington, VA"]
[Date "2014.06.28"]
[Round "6.1"]
[White "Suarez, Isan"]
[Black "Azarov, Sergei"]
[Result "1/2-1/2"]
[WhiteElo "2588"]
[BlackElo "2610"]
[PlyCount "87"]
[EventDate "2014.06.??"]
[EventType "swiss"]
[EventRounds "9"]
[EventCountry "USA"]
[WhiteClock "0:28:31"]
[BlackClock "0:03:54"]

1. e4 e5 2. Nf3 Nc6 3. Bb5 a6 4. Ba4 Nf6 5. O-O Be7 6. d3 d6 7. c3 O-O 8. Nbd2
Nd7 9. Bc2 Nb6 10. d4 exd4 11. Nxd4 Bd7 12. Nxc6 Bxc6 13. Nb3 Bf6 14. Nd4 Bd7
15. f4 Re8 16. a4 c5 17. Ne2 Bc6 18. Ng3 g6 19. Bb3 d5 20. e5 Bg7 21. Be3 Qe7
22. Qc2 Rad8 23. Qf2 d4 24. cxd4 cxd4 25. Bxd4 Qb4 26. Bxf7+ Kxf7 27. Bc5 Qd2
28. Bxb6 Qxf2+ 29. Rxf2 Rd3 30. Ne2 Bd7 31. Nc3 Rc8 32. Rff1 Rc4 33. Rad1 Rxd1
34. Rxd1 Bc6 35. Rd4 Rxd4 36. Bxd4 Ke6 37. Kf2 Bf8 38. g3 Bb4 39. b3 Bxc3 40.
Bxc3 Bd5 41. b4 Bc6 42. a5 h5 43. Ke3 Kd5 44. Bd4 1/2-1/2

[Event "DC International 2014"]
[Site "Arlington, VA"]
[Date "2014.06.28"]
[Round "6.2"]
[White "Kannappan, Priyadharshan"]
[Black "Vidal, Yuri"]
[Result "1-0"]
[WhiteElo "2443"]
[BlackElo "2557"]
[PlyCount "83"]
[EventDate "2014.06.??"]
[EventType "swiss"]
[EventRounds "9"]
[EventCountry "USA"]
[WhiteClock "0:29:52"]
[BlackClock "0:25:31"]

1. e4 e5 2. Nf3 Nc6 3. Bb5 a6 4. Ba4 Nf6 5. O-O Be7 6. Re1 b5 7. Bb3 d6 8. a4
b4 9. c3 Rb8 10. d4 O-O 11. h3 h6 12. Nbd2 Re8 13. Nc4 bxc3 14. bxc3 Bf8 15. d5
Ne7 16. Bc2 Ng6 17. Na5 Bd7 18. Bd3 Nh5 19. Bf1 c5 20. dxc6 Be6 21. Nc4 Qc7 22.
a5 Qxc6 23. Nb6 Nf6 24. Qa4 Qxc3 25. Bd2 Qc7 26. Bxa6 d5 27. Rec1 Qe7 28. exd5
Nxd5 29. Rab1 Ndf4 30. Bf1 Qf6 31. a6 e4 32. Nh2 Rbd8 33. Be3 Bd6 34. Rc6 Nxh3+
35. gxh3 Bxh2+ 36. Kxh2 Ne5 37. Bg2 Nf3+ 38. Kh1 Qh4 39. Rxe6 Rxe6 40. a7 Kh7
41. a8=Q Rxa8 42. Qxa8 1-0

[Event "DC International 2014"]
[Site "Arlington, VA"]
[Date "2014.06.28"]
[Round "6.3"]
[White "Perez, Yuniesky"]
[Black "Boros, Denes"]
[Result "1/2-1/2"]
[WhiteElo "2642"]
[BlackElo "2474"]
[PlyCount "71"]
[EventDate "2014.06.??"]
[EventType "swiss"]
[EventRounds "9"]
[EventCountry "USA"]
[WhiteClock "0:06:04"]
[BlackClock "0:24:27"]

1. e4 e6 2. d4 d5 3. Nc3 dxe4 4. Nxe4 Nd7 5. Nf3 Ngf6 6. Bd3 c5 7. O-O Nxe4 8.
Bxe4 Nf6 9. Bg5 cxd4 10. Nxd4 Be7 11. Bf3 O-O 12. c3 Qc7 13. Re1 Bd7 14. Qb3
Rab8 15. g3 h6 16. Bf4 Bd6 17. Nb5 Bxb5 18. Bxd6 Qxd6 19. Qxb5 a6 20. Qb3 Qc7
21. Rad1 b5 22. Rd2 Nd7 23. Red1 Ne5 24. Bg2 Rfd8 25. Qc2 Nc4 26. Rxd8+ Rxd8
27. b3 Ne5 28. Rxd8+ Qxd8 29. h3 Qd6 30. Qe4 f5 31. Qe2 Kf8 32. Kh2 Nd3 33. Bf1
Nc5 34. Bg2 Nd3 35. Bf1 Nc5 36. Bg2 1/2-1/2

[Event "DC International 2014"]
[Site "Arlington, VA"]
[Date "2014.06.28"]
[Round "6.4"]
[White "Barbosa, Oliver"]
[Black "Burnett, Ronald"]
[Result "1/2-1/2"]
[WhiteElo "2592"]
[BlackElo "2345"]
[PlyCount "148"]
[EventDate "2014.06.??"]
[EventType "swiss"]
[EventRounds "9"]
[EventCountry "USA"]
[WhiteClock "0:00:14"]
[BlackClock "0:10:26"]

1. d4 Nf6 2. c4 c6 3. Nf3 d5 4. e3 g6 5. Nc3 Bg7 6. Be2 O-O 7. O-O dxc4 8. Bxc4
Bg4 9. h3 Bxf3 10. Qxf3 Nbd7 11. Rd1 e5 12. d5 e4 13. Nxe4 Nxe4 14. Qxe4 Nb6
15. Rb1 Re8 16. Qc2 cxd5 17. Bb5 Re6 18. Qb3 Qh4 19. Bd2 Rd8 20. Be2 h5 21.
Rbc1 Qa4 22. Rc7 Qxb3 23. axb3 Bxb2 24. Rxb7 Rd7 25. Rxd7 Nxd7 26. Rb1 Be5 27.
Rc1 Rb6 28. b4 Nf6 29. Rc8+ Kg7 30. b5 Ne4 31. Bb4 Bd6 32. Bxd6 Nxd6 33. Rc5
Ne4 34. Rc6 Nd6 35. Rc5 Ne4 36. Rxd5 Nc3 37. Rc5 Nxe2+ 38. Kf1 Nc1 39. Rxc1
Rxb5 40. Rc7 Ra5 41. Ke2 Ra4 42. g3 g5 43. Rc5 Kg6 44. f4 gxf4 45. gxf4 Ra2+
46. Kf3 Rh2 47. Rg5+ Kh6 48. Kg3 Re2 49. Re5 a5 50. Rxa5 Rxe3+ 51. Kh4 Kg6 52.
Rg5+ Kf6 53. Rxh5 Re1 54. Ra5 Rg1 55. Kh5 Rf1 56. Kg4 Rg1+ 57. Kf3 Rf1+ 58. Kg3
Rg1+ 59. Kf2 Rb1 60. h4 Rb3 61. Kg2 Kg6 62. Rg5+ Kh6 63. Rd5 Kg6 64. Kf2 Ra3
65. Re5 Rh3 66. Rg5+ Kh6 67. Rg4 f5 68. Rg5 Rxh4 69. Rxf5 Kg6 70. Rg5+ Kf6 71.
Kg3 Rh1 72. Ra5 Rg1+ 73. Kf2 Rb1 74. Rc5 Rb3 1/2-1/2

[Event "DC International 2014"]
[Site "Arlington, VA"]
[Date "2014.06.28"]
[Round "6"]
[White "Kaufman, Lawrence"]
[Black "Paragua, Mark"]
[Result "1/2-1/2"]
[WhiteElo "2329"]
[BlackElo "2510"]
[PlyCount "98"]
[EventDate "2014.06.??"]
[EventType "swiss"]
[EventRounds "9"]
[EventCountry "USA"]

1. d4 d5 2. c4 c6 3. Nf3 Nf6 4. Nc3 dxc4 5. a4 Bf5 6. Ne5 Nbd7 7. Nxc4 Nb6 8.
Ne5 a5 9. f3 Nfd7 10. Nxd7 Nxd7 11. e4 Bg6 12. Be2 Qb6 13. f4 e6 14. O-O h6 15.
Kh1 O-O-O 16. Be3 Nf6 17. Qc2 Kb8 18. f5 exf5 19. exf5 Bh7 20. Bc4 Bd6 21. Bg1
Rd7 22. d5 Bc5 23. dxc6 bxc6 24. Ra3 Bxg1 25. Rb3 Ka7 26. Rxb6 Bxb6 27. Be2
Rhd8 28. Qb3 Rd4 29. Qxf7+ R8d7 30. Qe6 Kb7 31. Bf3 R4d6 32. Qe5 Bg8 33. Nb5
Rd3 34. Nc3 Bc4 35. Rc1 Nd5 36. Nxd5 Bxd5 37. Bxd5 R3xd5 38. Qe2 Rd2 39. Qf3
R7d5 40. h3 Bc7 41. Qb3+ Ka7 42. Re1 R5d3 43. Qe6 Bg3 44. Rf1 Kb6 45. Qe4 Kb7
46. Qg4 Be5 47. Qe4 Bg3 48. Qg4 Be5 49. Qe4 Bg3 1/2-1/2

[Event "DC International 2014"]
[Site "Arlington, VA"]
[Date "2014.06.28"]
[Round "6"]
[White "Shetty, Atulya"]
[Black "Gorovets, Andrey"]
[Result "0-1"]
[WhiteElo "2302"]
[BlackElo "2446"]
[PlyCount "64"]
[EventDate "2014.06.??"]
[EventType "swiss"]
[EventRounds "9"]
[EventCountry "USA"]

1. c4 e5 2. g3 Nf6 3. Bg2 h6 4. Nc3 Bb4 5. Nd5 Nxd5 6. cxd5 c5 7. Nf3 d6 8. a3
Ba5 9. b4 Bb6 10. bxc5 Bxc5 11. O-O Bg4 12. Bb2 Bxf3 13. Bxf3 Nd7 14. Bg4 Nf6
15. Qa4+ Ke7 16. Bh3 Re8 17. d4 exd4 18. Bxd4 Bxd4 19. Qxd4 Kf8 20. Rab1 b6 21.
Qd3 Ne4 22. Rb4 Qe7 23. Rc1 Kg8 24. Rc6 Nc5 25. Qd2 Qxe2 26. Qxe2 Rxe2 27. Rxd6
Rd2 28. Bf1 Re8 29. Rf4 g5 30. Rf5 Rd1 31. Kg2 Ree1 32. Bc4 g4 0-1

[Event "DC International 2014"]
[Site "Arlington, VA"]
[Date "2014.06.28"]
[Round "6"]
[White "Sapozhnikov, Roman"]
[Black "Nagle, Sean"]
[Result "0-1"]
[WhiteElo "2298"]
[BlackElo "2411"]
[PlyCount "66"]
[EventDate "2014.06.??"]
[EventType "swiss"]
[EventRounds "9"]
[EventCountry "USA"]

1. e4 g6 2. d4 Bg7 3. Nc3 d6 4. Be3 a6 5. f3 Nd7 6. g4 b5 7. h4 h5 8. g5 e6 9.
Nh3 Ne7 10. Nf2 Bb7 11. Nd3 d5 12. Bf2 c5 13. exd5 cxd4 14. dxe6 dxc3 15. exd7+
Qxd7 16. b3 Rd8 17. Bh3 Qc7 18. O-O O-O 19. Qe2 Nc6 20. Rae1 Nd4 21. Bxd4 Qg3+
22. Qg2 Bxd4+ 23. Kh1 Qxh4 24. Kh2 Rfe8 25. Qg3 Qxg3+ 26. Kxg3 Be3 27. f4 Bd2
28. Rxe8+ Rxe8 29. Ne5 Be4 30. Nd7 Bxc2 31. Nf6+ Kf8 32. Nxe8 Kxe8 33. b4 Bf5
0-1

[Event "DC International 2014"]
[Site "Arlington, VA"]
[Date "2014.06.28"]
[Round "6"]
[White "Liang, Awonder"]
[Black "Ippolito, Dean"]
[Result "1-0"]
[WhiteElo "2211"]
[BlackElo "2430"]
[PlyCount "74"]
[EventDate "2014.06.??"]
[EventType "swiss"]
[EventRounds "9"]
[EventCountry "USA"]

1. e4 e5 2. Nf3 Nf6 3. Nxe5 d6 4. Nf3 Nxe4 5. Nc3 Nxc3 6. dxc3 Be7 7. Be3 O-O
8. Qd2 Nd7 9. O-O-O Ne5 10. Nxe5 dxe5 11. Bd3 Be6 12. Qe2 Qe8 13. Bc4 Qc6 14.
Bb5 Qxg2 15. Rdg1 Qh3 16. Bc4 Rfd8 17. Rg3 Bxc4 18. Qxc4 Qd7 19. Rhg1 Bf8 20.
h4 b5 21. Qe2 Qe6 22. Kb1 Rd5 23. f3 Rad8 24. Bc1 R8d6 25. h5 h6 26. a3 a5 27.
Rg4 Kh8 28. c4 bxc4 29. Qxc4 Rc6 30. Qb3 Rb6 31. Qc3 Rc5 32. Qd2 Qd6 33. Qg2
Qf6 34. f4 Rcb5 35. fxe5 Qxe5 36. c4 Rb3 37. Re4 Qf5 1-0

[Event "DC International 2014"]
[Site "Arlington, VA"]
[Date "2014.06.28"]
[Round "6"]
[White "Wang, Qibiao"]
[Black "Vibbert, Sean"]
[Result "1/2-1/2"]
[WhiteElo "2164"]
[BlackElo "2316"]
[PlyCount "46"]
[EventDate "2014.06.??"]
[EventType "swiss"]
[EventRounds "9"]
[EventCountry "USA"]

1. e4 c5 2. Nf3 e6 3. g3 d5 4. exd5 exd5 5. d4 Nf6 6. Bg2 Be7 7. O-O O-O 8.
dxc5 Bxc5 9. Nbd2 Nc6 10. Nb3 Bb6 11. c3 Bf5 12. Nfd4 Be4 13. Bg5 Bxg2 14. Kxg2
h6 15. Bxf6 Qxf6 16. Qf3 Qxf3+ 17. Nxf3 Rfe8 18. Rfe1 Kf8 19. Rad1 Rxe1 20.
Nxe1 Rd8 21. Nf3 Ke7 22. Nbd4 Bxd4 23. Nxd4 Nxd4 1/2-1/2

[Event "DC International 2014"]
[Site "Arlington, VA"]
[Date "2014.06.28"]
[Round "6"]
[White "Li, Ruifeng"]
[Black "Ramachandran, Karthik"]
[Result "1-0"]
[WhiteElo "2305"]
[BlackElo "2125"]
[PlyCount "97"]
[EventDate "2014.06.??"]
[EventType "swiss"]
[EventRounds "9"]
[EventCountry "USA"]

1. e4 d6 2. d4 Nf6 3. Nc3 e5 4. Nf3 Nbd7 5. Bc4 Be7 6. O-O O-O 7. Re1 c6 8. a4
a5 9. h3 Qc7 10. Ba2 h6 11. Be3 Re8 12. Qd2 Nf8 13. Rad1 Be6 14. d5 cxd5 15.
exd5 Bf5 16. Nxe5 dxe5 17. d6 Qxd6 18. Qxd6 Bxd6 19. Rxd6 Ne4 20. Nxe4 Bxe4 21.
Bb3 Bc6 22. Bd2 e4 23. Re3 Ne6 24. Rg3 Kh7 25. Bc3 g5 26. h4 gxh4 27. Rh3 Rg8
28. Bxe6 fxe6 29. Rxe6 Rae8 30. Rxe8 Rxe8 31. Rxh4 Bxa4 32. b3 Bc6 33. Bxa5 Rg8
34. Bd2 Rg6 35. Be3 b5 36. Kf1 Re6 37. Ke2 Be8 38. c4 bxc4 39. bxc4 Kg7 40. Kd2
h5 41. Kc3 Kf6 42. Rh1 Ke5 43. Ra1 Kd6 44. Kd4 Kc6 45. Ra6+ Kd7 46. Ra7+ Kc6
47. c5 Bg6 48. Bf4 Be8 49. Kc4 1-0

[Event "DC International 2014"]
[Site "Arlington, VA"]
[Date "2014.06.28"]
[Round "6"]
[White "Cheng, Bindi"]
[Black "Ghatti, Sanjay"]
[Result "1-0"]
[WhiteElo "2410"]
[BlackElo "2038"]
[PlyCount "91"]
[EventDate "2014.06.??"]
[EventType "swiss"]
[EventRounds "9"]
[EventCountry "USA"]

1. Nf3 d5 2. g3 Nf6 3. Bg2 e6 4. O-O Be7 5. d4 O-O 6. c4 dxc4 7. Qc2 a6 8. Qxc4
b5 9. Qc2 Bb7 10. Bd2 Ra7 11. a3 Be4 12. Qc1 Qc8 13. Be3 Nd5 14. Nc3 Nxc3 15.
Qxc3 Bd5 16. Ne5 Bxg2 17. Kxg2 Rb7 18. Rfc1 Nd7 19. Nc6 Bd6 20. Bf4 Nb6 21. Qf3
Qa8 22. Na5 Rbb8 23. Qxa8 Rxa8 24. Bxd6 cxd6 25. Rc6 Nc8 26. Rac1 d5 27. b3 g6
28. R1c5 Ne7 29. Rc7 Nf5 30. e3 Nd6 31. Nc6 Kg7 32. Ne5 Ne4 33. Rc2 Nd6 34.
R2c6 Rfd8 35. Rb6 a5 36. Rcc6 Nc8 37. Ra6 Ne7 38. Rcb6 a4 39. Rxa8 Rxa8 40. b4
Rc8 41. Rb7 Nf5 42. Nxf7 Kg8 43. g4 Rc3 44. gxf5 Rxa3 45. Nh6+ Kf8 46. f6 1-0

[Event "DC International 2014"]
[Site "Arlington, VA"]
[Date "2014.06.28"]
[Round "6"]
[White "Gulamali, Kazim"]
[Black "Malhotra, Akshay"]
[Result "1/2-1/2"]
[WhiteElo "2300"]
[BlackElo "2001"]
[PlyCount "45"]
[EventDate "2014.06.??"]
[EventType "swiss"]
[EventRounds "9"]
[EventCountry "USA"]

1. e4 c5 2. Nf3 d6 3. d4 cxd4 4. Nxd4 Nf6 5. Nc3 g6 6. Be3 Bg7 7. f3 Nc6 8. Qd2
O-O 9. g4 Be6 10. Nxe6 fxe6 11. O-O-O Ne5 12. Be2 Rc8 13. h4 Qa5 14. Kb1 Nc4
15. Bxc4 Rxc4 16. Ne2 Qxd2 17. Bxd2 Nd7 18. b3 Rcc8 19. Rh3 Ne5 20. Ng1 Rf7 21.
g5 Rcf8 22. Rf1 a6 23. Kc1 1/2-1/2

[Event "DC International 2014"]
[Site "Arlington, VA"]
[Date "2014.06.28"]
[Round "6"]
[White "Wheeler, Cameron"]
[Black "Obili, Abhishek"]
[Result "1-0"]
[WhiteElo "2242"]
[BlackElo "1910"]
[PlyCount "107"]
[EventDate "2014.06.??"]
[EventType "swiss"]
[EventRounds "9"]
[EventCountry "USA"]

1. c4 Nf6 2. g3 g6 3. Bg2 d5 4. cxd5 Nxd5 5. Nc3 Nxc3 6. bxc3 Bg7 7. Rb1 Nd7 8.
Nf3 O-O 9. O-O Nb6 10. Qc2 c5 11. d3 Bd7 12. Bg5 h6 13. Bd2 Bc6 14. c4 Nd7 15.
Bc3 Bxc3 16. Qxc3 Qc7 17. Nd2 Bxg2 18. Kxg2 Qc6+ 19. Kg1 Rfd8 20. Nf3 b6 21.
Qc1 Kg7 22. Qb2+ Qf6 23. a4 Rac8 24. a5 e5 25. Nd2 Kg8 26. Ne4 Qe6 27. Nc3 Rc6
28. Nd5 f5 29. Qb5 Rdc8 30. Qa6 bxa5 31. Qxa7 Ra6 32. Qb7 Rac6 33. Qb5 Nf6 34.
Nxf6+ Qxf6 35. Qxa5 f4 36. Rb7 Rf8 37. Rc7 fxg3 38. hxg3 h5 39. Rxc6 Qxc6 40.
Rb1 Qd6 41. Qb6 Rf6 42. Qxd6 Rxd6 43. Rb8+ Kf7 44. Rc8 Rd4 45. Rxc5 e4 46. Rd5
Rxd5 47. cxd5 exd3 48. exd3 Ke7 49. Kg2 g5 50. Kf3 Kd6 51. Ke4 h4 52. gxh4 gxh4
53. Kf4 Kxd5 54. Kg4 1-0